Intermezzo (Registo nº 199360)

Detalhes MARC
000 -Etiqueta do registo
Valores 01628nam 22002293 4500
010 ## - Número ISBN
ISBN 978-989-783-481-3
021 ## - Número do Depósito Legal
Número 536624/24
100 ## - Dados gerais de processamento
Dados gerais 20230901d u||y0pory50 ba
200 ## - Titulo e menção de responsabilidade
Título próprio Intermezzo
Primeira menção de responsabilidade Sally Rooney
Outras menções de responsabilidade tradução de Marta Mendonça
205 ## - Menção da edição
Edição
210 ## - Publicação
Local de publicação Lisboa
Nome do editor Relógio d' Água Editores
Data de publicação 2025
215 ## - Descrição física 
Paginação / Volumes 410, [10] p.
Outras indicações físicas brochado
Dimensões 24 cm
330 ## - Sumário ou Resumo
Texto da nota Apesar de serem irmãos, Peter e Ivan Koubek parecem ter pouco em comum. Peter é um advogado de Dublin na casa dos trinta, bem-sucedido, competente e aparentemente imperturbável. Mas após a morte do pai começa a automedicar-se para conseguir dormir e a lutar para gerir os seus relacionamentos com duas mulheres muito diferentes: Sylvia, o seu amor de longa data, e Naomi, uma estudante universitária que encara a vida com ligeireza.<br/><br/>Por sua vez, Ivan, é um jogador de xadrez competitivo de vinte e dois anos. Solitário e socialmente desajeitado, é o oposto do seu irmão mais velho e estruturado. Nas primeiras semanas de luto pelo pai Ivan conhece Margaret, uma mulher mais velha que está a recuperar de um passado turbulento, e as suas vidas entrelaçam-se de forma intensa.<br/><br/>Para os irmãos e as pessoas que amam este é um interlúdio. Um período de desejo, desespero e possibilidade. Uma chance de descobrir quanto uma vida pode conter dentro de si mesma sem se quebrar.
606 ## - Nome comum usado como assunto
ID Autoridade 1143
Palavra de ordem Literatura Irlandesa
675 ## - CDU
Notação 821.111(417)-3
Edição PT
Língua por
700 ## - Autor principal (pessoa individual)
ID Autoridade 3331
Apelido Rooney
Nome Sally
Datas 1991-
702 ## - Autor secundário (pessoa individual)
ID Autoridade 4833
Apelido Mendonça
Nome Marta
801 ## - Fonte de origem
País PT
Agência BMMN
Regras de catalogação RPC
830 ## - Notas gerais do catalogador
Criado por Ana
Indexado por Ana
990 ## - Elementos KOHA
Tipo de documento Livro
Exemplares
Situação do levantamento Biblioteca de origem Código de barras Cota Permissão de empréstimo Tipo de documento Forma de aquisição
  Biblioteca Municipal de Montemor-o-Novo 28203 821.111(417)-3 ROO|LG   Livro Compra

Powered by Koha